| 000 | 00469nam a22001697a 4500 | ||
|---|---|---|---|
| 999 |
_c527177 _d527177 |
||
| 003 | NUST | ||
| 005 | 20190723060104.0 | ||
| 008 | 190723b ||||| |||| 00| 0 eng d | ||
| 020 |
_a978-93-259-6044-2 _qPapercover. |
||
| 038 | _aArshad | ||
| 082 |
_a691 _bBHA |
||
| 100 |
_aBhavikatti, S.S. _918313 |
||
| 245 |
_aBuilding Materials / _cS.S. Bhavikatti |
||
| 260 |
_aNew Delhi, India : _bVikas Publishing House Pvt Ltd, _c2012. |
||
| 300 | _a195 p. ; | ||
| 942 |
_2ddc _cBK |
||